Industry 2000 - New perspectives - Collected background papers

Сохранить в:
Библиографические подробности
Формат:
Язык:Undetermined
Опубликовано: London UNIDO 1979
Предметы:
Метки: Добавить метку
Нет меток, Требуется 1-ая метка записи!
Thư viện lưu trữ: Trung tâm Học liệu Trường Đại học Cần Thơ
LEADER 00454nam a2200145Ia 4500
001 CTU_79053
008 210402s9999 xx 000 0 und d
082 |a 332 
082 |b I.42/Vol.3 
245 0 |a Industry 2000 - New perspectives - Collected background papers 
260 |a London 
260 |b UNIDO 
260 |c 1979 
650 |a Industrialization,Industries,International economic relations 
980 |a Trung tâm Học liệu Trường Đại học Cần Thơ